000 00514nam a2200169 i 4500
001 21988
003 ES-MaACL
005 20230906152602.0
007 t|
008 021129s19231934po ||||1| por d
100 1 _aAlmeida, Antonio José de.
_920109
245 1 0 _aQuarenta anos de vida literaria e politica... /
_cAntonio José de Almeida.
260 _aLisboa :
_bJ. Rodriguez,
_c1923-1934.
300 _a1 v. :
_b1 retr. aut. ;
_c20 cm.
500 _aSon los 3 primeros vols.
852 _aES-MaACL
_jB-13684-86
999 _c21988
_d21988